Statistics for Highest Grossing 1990s Movies

Click here to take the quiz!

General Stats

  • This quiz has been taken 60,173 times
  • The average score is 15 of 20

Answer Stats

Gross Clue Movie % Correct
$601 mTransatlantic passenger ship hits an iceberg and sinksTitanic
99%
$357 mDinosaurs are brought to life in a new theme parkJurassic Park
98%
$192 mCowboy toy is threatened by new astronaut toyToy Story
96%
$246 mCowboy toy must be rescued from a greedy toy collectorToy Story 2
92%
$329 mMan with a low IQ goes to Vietnam, plays ping pong, and catches shrimpForrest Gump
84%
$217 mGenie helps a poor thief marry a PrincessAladdin
84%
$229 mPeople try to capture dinosaurs that are living free on an
island near Costa Rica
The Lost World:
Jurassic Park
83%
$285 mBoy uses booby traps to defend his house from burglarsHome Alone
82%
$294 mTherapist tries to help a boy who can see dead peopleThe Sixth Sense
73%
$431 mA young boy may be the Jedi "chosen one"Star Wars: Episode I
72%
$220 mMan pretends to be a British nanny so that he can reconnect
with his estranged children
Mrs. Doubtfire
70%
$242 mTornado scientists get too close to the actionTwister
69%
$217 mSquad must rescue a G.I. whose three brothers have
all been killed in WWII combat
Saving Private Ryan
68%
$206 mShagadelic super spy must defeat his evil nemesisAustin Powers: The Spy
Who Shagged Me
66%
$218 mPottery-making woman communicates with her dead husbandGhost
64%
$312 mYoung cub must defeat his evil uncle to become leader of the PridelandsThe Lion King
62%
$204 mLiquid metal robot from the future is sent to the present time to kill a boyTerminator 2:
Judgment Day
62%
$306 mSpace aliens easily destroy most of Earth's major cities, but may
be vulnerable to computer hacking
Independence Day
61%
$201 mOil drillers are sent to space to destroy a killer asteroidArmageddon
61%
$251 mTop-secret agents protect the Earth from intergalactic threatsMen in Black
53%

Score Distribution

Percentile by Number Answered

Percent of People with Each Score

Your Score History

You have not taken this quiz